Central Library OPAC University of Rajshahi

Selected essays on political economy. (Record no. 42353)

MARC details
000 -LEADER
fixed length control field 00824nam a2200241 a 4500
001 - CONTROL NUMBER
control field 42353
003 - CONTROL NUMBER IDENTIFIER
rucl marc code BD-RjUL
005 - DATE AND TIME OF LATEST TRANSACTION
control field 20211209053529.0
008 - FIXED-LENGTH DATA ELEMENTS--GENERAL INFORMATION
fixed length control field 160612s1964 nju b 001 0 eng
035 ## - SYSTEM CONTROL NUMBER
System control number (BD-RjUL)42471
040 ## - CATALOGING SOURCE
Language of cataloging eng
Original cataloging agency BD-RjUL
Transcribing agency BD-RjUL
041 1# - LANGUAGE CODE
Language code of text/sound track or separate title eng
082 ## - DEWEY DECIMAL CLASSIFICATION NUMBER
Edition number 23
Classification number 330.81
Author mark and year BAS 1964
100 1# - MAIN ENTRY--PERSONAL NAME
Personal name Bastiat, Frederic.
Dates associated with a name 1801-1850.
9 (RLIN) 130268
245 10 - TITLE STATEMENT
Title Selected essays on political economy.
Statement of responsibility, etc. Translated from the French by Seymour Cain. Edited by George B. de Huszar.
260 ## - PUBLICATION, DISTRIBUTION, ETC. (IMPRINT)
Place of publication, distribution, etc. New Jersey :
Name of publisher, distributor, etc. Van Nostrand,
Date of publication, distribution, etc. 1964.
300 ## - PHYSICAL DESCRIPTION
Pagination xiv, 352 p. :
Size 23 cm.
500 ## - GENERAL NOTE
General note Includes index.
650 #0 - SUBJECT ADDED ENTRY--TOPICAL TERM
Topical term or geographic name as entry element Economics.
9 (RLIN) 130269
700 1# - ADDED ENTRY--PERSONAL NAME
Personal name Huszar, George B. de
Fuller form of name (George Bernard),
Dates associated with a name 1919-1968,
Relator term ed.
942 ## - ADDED ENTRY ELEMENTS (KOHA)
Source of classification or shelving scheme Dewey Decimal Classification
Koha item type Books
Holdings
Lost status Source of classification or shelving scheme Damaged status Not for loan Collection code Permanent Location Current Location Shelving location Date acquired Source of acquisition Cost, normal purchase price Total Checkouts Full call number Date last seen Copy number Koha item type
  Dewey Decimal Classification     Non-fiction Central Library, University of Rajshahi Central Library, University of Rajshahi Newspapers Stack 04/11/1965 Zeetlinger 58.60   330.81 BAS 1964 12/06/2016 C-2 Books